Moroney's Surgery for Nurses / (Record no. 562)

MARC details
000 -LEADER
Fixed length control field 00612nam a2200217Ia 4500
003 - CONTROL NUMBER IDENTIFIER
Control field IIN
005 - DATE AND TIME OF LATEST TRANSACTION
Control field 20240124124812.0
008 - FIXED-LENGTH DATA ELEMENTS--GENERAL INFORMATION
Fixed length control field 231217s9999 xx 000 0 und d
020 ## - INTERNATIONAL STANDARD BOOK NUMBER / ISBN
Price Rs.1000.00
International Standard Book Number 9788131211519
040 ## - CATALOGING SOURCE
Original cataloging agency IIN
Language of cataloging English
082 ## - DEWEY DECIMAL CLASSIFICATION NUMBER
Classification number 617.0231
Book Number CHI
100 1# - MAIN ENTRY--PERSONAL NAME
Personal name Chintamoni
245 1# - TITLE STATEMENT
Title Moroney's Surgery for Nurses /
Statement of responsibility Edited by : Chintamoni and Elsa Sanatombi Devi
250 ## - EDITION STATEMENT
Edition statement .-17th ed
260 ## - IMPRINT
Name of publisher Mosby Elsevier
Place of publication New Delhi
Date of publication 2008
300 ## - PHYSICAL DESCRIPTION
Page / Vol. No vii, 372 p.
650 1# - SUBJECT ADDED ENTRY--TOPICAL TERM
Topical term Medical Surgical
Form subdivision Nursing
650 1# - SUBJECT ADDED ENTRY--TOPICAL TERM
Topical term Surgery for
Form subdivision Nurses
700 1# - ADDED ENTRY--PERSONAL NAME
Personal name Devi, Elsa Sanatombi
942 ## - ADDED ENTRY ELEMENTS (KOHA)
Koha item type Books
Holdings
Withdrawn status Lost status Source of classification Damaged status Not for loan Collection code Home library Current library Date acquired Price Total Checkouts Call number Accession number Date last seen Price effective from Koha item type
    Dewey Decimal Classification       IDEAL INSTITUTE OF NURSING IDEAL INSTITUTE OF NURSING 17/12/2023 1000.00   617.0231 CHI 557 17/12/2023 17/12/2023 Books
    Dewey Decimal Classification       IDEAL INSTITUTE OF NURSING IDEAL INSTITUTE OF NURSING 17/12/2023 1000.00   617.0231 CHI 558 17/12/2023 17/12/2023 Books
    Dewey Decimal Classification       IDEAL INSTITUTE OF NURSING IDEAL INSTITUTE OF NURSING 17/12/2023 1000.00   617.0231 CHI 559 17/12/2023 17/12/2023 Books
© Ideal Institute Of Nursing, All rights reserved.         Powered by Koha